000 00371pab a2200145 454500
008 180718b1986 xxu||||| |||| 00| 0 eng d
100 _aDutta, Amar Nath
245 _aReforming the budgetary practice
_bFrom Industiral to zero base budgeting
260 _c1986
300 _a3-11
362 _aFeb.
650 _aBudgetary Control
773 _aLok Udyog
909 _a4887
999 _c4887
_d4887